000 00408nam a2200157 4500
001 132906
003 ES-MaACL
005 20230906194256.0
007 t|
008 070214s1922 fr r ||||1| fre d
100 1 _aRosny, J. -H.
_999792
245 1 4 _aLes sciences et le pluralisme /
_cJ.-H. Rosny.
260 _aParis :
_bSaint Amand,
_c1922.
300 _a217 p. ;
_c19 cm.
852 _aES-MaACL
_jD-1303
999 _c132906
_d132906